| 000 | 00697nam a2200229 a 4500 | ||
|---|---|---|---|
| 001 | BRL_1406 | ||
| 005 | 20190320211204.0 | ||
| 008 | 130114m19551957mx-o######---#000-0#spa-# | ||
| 041 | _aspa | ||
| 044 | _amx | ||
| 050 | 4 |
_aF1221.L2 _b.B56 1955 |
|
| 100 | 1 |
_aBlom, Frans Ferdinand _d1893-1963 _926799 |
|
| 245 | 1 | 0 |
_aLa selva lacandona _cpor Frans Blom [y] Gertrude Duby. |
| 260 |
_aMéxico _bEditorial Cvltvra _c1955-1957 |
||
| 300 |
_a2 v. _bil., fotografías ( blanco y negro), mapas _c24 cm. |
||
| 500 | _av.1 Au1705, v.2 Au1715 | ||
| 650 | 1 | 4 |
_aLacandones _923920 |
| 651 | 4 |
_aSelva Lacandona (México) _924137 |
|
| 700 | 1 |
_aDuby, Gertrude _ecoaut. _926800 |
|
| 902 | _aGRL | ||
| 942 |
_2lcc _cB |
||
| 999 |
_c10216 _d10216 |
||